Good Life--OneRepublic (all lyrics) - Statistics

General Stats
  • This quiz has been taken 31 times
  • The average score is 304 of 398
Answer Stats
Answer % Correct
a
100%
be
100%
good
100%
good,
100%
I
100%
life,
100%
life.
100%
is
94%
the
94%
in
88%
in.
88%
my
88%
My
88%
on
88%
this
88%
This
88%
to
88%
To
88%
we
88%
city
81%
got
81%
London
81%
me
81%
Oh,
81%
oh,
81%
oh
81%
phone,
81%
really
81%
say...
81%
say,
81%
say
81%
so.
81%
so
81%
some
81%
up
81%
Woke
81%
yesterday,
81%
you
81%
Don't
75%
don't
75%
fire
75%
friends
75%
gotta
75%
has
75%
hello.
75%
it
75%
know
75%
know,
75%
myself
75%
new
75%
New
75%
or
75%
picture
75%
pictures
75%
what
75%
When
75%
been
69%
can't
69%
could
69%
enough
69%
feel
69%
few
69%
for
69%
found
69%
I've
69%
LA,
69%
names
69%
numbers
69%
past
69%
that
69%
there
69%
they
69%
where
69%
years
69%
York,
69%
young
69%
and
63%
but
63%
China
63%
here.
63%
how
63%
like
63%
near
63%
now,
63%
Piccadilly.
63%
places
63%
Sometimes
63%
sometimes
63%
We're
63%
you're
63%
bullshit
56%
Colorado.
56%
complain
56%
feeling
56%
fight,
56%
fool,
56%
have
56%
of
56%
out,
56%
out.
56%
over.
56%
Paris
56%
take
56%
there's
56%
want.
56%
whatever
56%
Abbey
50%
about.
50%
airplanes
50%
everything
50%
hope
50%
Hopelessly,
50%
hopelessly,
50%
let
50%
night,
50%
night
50%
please
50%
Road.
50%
tell
50%
tonight.
50%
work
50%
address
44%
Day
44%
happy
44%
I'm
44%
our
44%
stories,
44%
taking
44%
all
38%
'cause
38%
jump
38%
mental
38%
might
38%
miss.
38%
much
38%
something
38%
turns
38%
I'll
31%
quick.
31%
closes
19%
window
19%
Listen,
13%
No matching quizzes found
Score Distribution
Percent of People with Each Score
Percentile by Number Answered
Your Score History
You have not taken this quiz